00765nam a22002177a 4500003000400000005001700004008004100021020001800062040002300080041000800103050002000111100001000131245014300141264005100284300003600335336002200371337002400393338002400417700005000441700005600491OSt20260530113920.0260520b2020 sp a|||| |||| 00| 0 spa d a9786079708795 aICIbspacICIerda aspa aF1234bQ85 2020 eautor10a500 :bMéxico, 500 años de historia en 500 objetos /ccoordinador Gabriela Velásquez Robinson ; Margarita María Guardado García. aEspaña :bTURNER ;bFundación BBVA ;c2020 a1091 páginas :bilustraciones 2rdacontentatexto 2rdamediaasin medio 2rdacarrieravolumen 1aVelásquez Robinson, Gabriela,ecoordinadora 1aGuardado García, Margarita María,ecoordinadora